000 02306nam0a2200397 4500
001 RU\NLR\BIBL_A\011640239
005 20180601115524.0
010 _a978-5-00078-177-7
_9500
021 _aRU
_bКН-П-18-005005
_9КН-П-18-0342
035 _a(NLR Aleph) 011640239
035 _a(RuMoRGB)009528389
090 _a11075903
_c11075903
100 _a20180221d2017 k y0rusy50 ca
101 0 _arus
_deng
_erus
_eeng
102 _aRU
105 _ay z 000yy
200 1 _aВопросы теории краевых задач для функционально-дифференциальных уравнений
_dTopics of the theory of boundary value problems for functional-differential equations
_eмонография
_fЕ. С. Жуковский, Х. М. Т. Тахир
_gМинистерство образования и науки Российской Федерации, Федеральное государственное бюджетное образовательное учреждение высшего образования "Тамбовский государственный университет им. Г. Р. Державина"
_zeng
210 _aТамбов
_cИзд-во ТГУ
_d2017
215 _a97 с.
_d21
300 _aАвт. также на англ. яз.: E. S. Zhukovskiy, Kh. M. T. Tahir
300 _aРез. англ.
320 _aБиблиогр.: с. 93-97 (45 назв.)
510 1 _6z37790
_aTopics of the theory of boundary value problems for functional-differential equations
_zeng
606 1 _aФункционально-дифференциальные уравнения
_xКраевые задачи
_2nlr_sh1
_2nlr_sh2
_3RU\NLR\AUTH\661164110
610 0 _aфункционально-дифференциальные уравнения
686 _aВ161.922-4,0
_2rubbk
686 1 _aВ161.922-3
700 1 _aЖуковский
_bЕ. С.
_gЕвгений Семенович
_3RU\NLR\AUTH\770168834
701 1 _aТахир
_bХ. М. Т.
_gХалид Мизхир Тахир
790 1 _6z37
_aŽukovskij
_bE. S.
_gEvgenij Semjonovič
_3RU\NLR\AUTH\770168841
790 1 _6z37
_6z37510
_aTaсhir
_bСh. M. T.
942 _cBOOK
980 _aNBR
980 _aNB